MARC details
| 000 -LEADER |
| campo de control de longitud fija |
01650nam a2200421 i 4500 |
| 001 - NÚMERO DE CONTROL |
| campo de control |
192775 |
| 003 - IDENTIFICADOR DE NÚMERO DE CONTROL |
| campo de control |
ES-MaACL |
| 005 - FECHA Y HORA DE LA ÚLTIMA TRANSACCIÓN |
| campo de control |
20240302062945.0 |
| 007 - CAMPO FIJO DE DESCRIPCIÓN FÍSICA--INFORMACIÓN GENERAL |
| campo de control de longitud fija |
ta |
| 008 - DATOS DE LONGITUD FIJA--INFORMACIÓN GENERAL |
| campo de control de longitud fija |
230522s2018||||fr a g|bc 001 0 fre d |
| 035 ## - NÚMERO DE CONTROL DEL SISTEMA |
| Número de control de sistema |
(OCoLC)961163149 |
| 035 ## - NÚMERO DE CONTROL DEL SISTEMA |
| Número de control de sistema |
ocn932858864 |
| 035 ## - NÚMERO DE CONTROL DEL SISTEMA |
| Número de control cancelado/no válido |
ocm930034549 |
| 035 ## - NÚMERO DE CONTROL DEL SISTEMA |
| Número de control de sistema |
NLGGC398394784 |
| 035 ## - NÚMERO DE CONTROL DEL SISTEMA |
| Número de control de sistema |
CHVBK355356031 |
| 035 ## - NÚMERO DE CONTROL DEL SISTEMA |
| Número de control de sistema |
CHDSB006475709 |
| 040 ## - FUENTE DE CATALOGACIÓN |
| Lengua de catalogación |
spa |
| Centro/agencia transcriptor |
ES-MaACL |
| 041 0# - CÓDIGO DE IDIOMA |
| Fuente del código |
639-2 |
| 245 03 - MENCIÓN DEL TÍTULO |
| Título |
La bibliothèque de Pierre Bergé : |
| Resto del título |
quatrième vente, à la mémoire de Pierre Bergé (1930-2017) / |
| Mención de responsabilidad, etc. |
commissaire-priseur, Antoine Godeau |
| 246 ## - FORMA VARIANTE DEL TITULO |
| Título propio/Titulo breve |
La bibliothèque de Pierre Bergé : |
| Resto del título |
quatrième vente, 14 décembre 2018 |
| 264 #4 - PRODUCCIÓN, PUBLICACIÓN, DISTRIBUCIÓN, FABRICACIÓN Y COPYRIGHT |
| Producción, publicación, distribución, fabricación y copyright |
Paris : |
| Nombre del de productor, editor, distribuidor, fabricante |
Pierre Bergé & associés : |
| -- |
Sothebys, |
| Fecha de producción, publicación, distribución, fabricación o copyright |
[2018] |
| 300 ## - DESCRIPCIÓN FÍSICA |
| Extensión |
954 páginas : |
| Otras características físicas |
ilustraciones (color) ; |
| Dimensiones |
32 cm. |
| 336 ## - TIPO DE CONTENIDO |
| Código de tipo de contenido |
txt |
| Fuente |
rdacontent |
| Término de tipo de contenido |
Texto |
| 337 ## - TIPO DE MEDIO |
| Código del tipo de medio |
n |
| Fuente |
rdamedia |
| Nombre/término del tipo de medio |
sin mediación |
| 338 ## - TIPO DE SOPORTE |
| Nombre/término del tipo de soporte |
volumen |
| 500 ## - NOTA GENERAL |
| Nota general |
Índice |
| 500 ## - NOTA GENERAL |
| Nota general |
Catálogo de la subasta de los lotes 825 al 954 de la biblioteca del coleccionista Pierre Bergé, celebrada en la sala 9 del Drouot Richelieu de París el 14 de diciembre de 2018 |
| 504 ## - NOTA DE BIBLIOGRAFÍA, ETC. |
| Nota de bibliografía, etc. |
Referencias bibliográficas |
| 600 14 - PUNTO DE ACCESO ADICIONAL DE MATERIA--NOMBRE DE PERSONA |
| Nombre de persona |
Berger, Pierre, |
| Fechas asociadas al nombre |
1930-2017 |
| 9 (RLIN) |
27967 |
| 650 #7 - PUNTO DE ACCESO ADICIONAL DE MATERIA--TÉRMINO DE MATERIA |
| Término de materia o nombre geográfico como elemento de entrada |
Bibliotecas privadas- |
| 9 (RLIN) |
163545 |
| Subdivisión de forma |
Catálogos |
| 700 1# - ENTRADA AGREGADA--NOMBRE PERSONAL |
| Nombre de persona |
Godeau, Antoine |
| 9 (RLIN) |
235438 |
| Término indicativo de función/relación |
Comisario |
| 774 0# - ENLACE A UNIDAD CONSTITUYENTE |
| Título |
Passions d'un collectionneur |
| 774 0# - ENLACE A UNIDAD CONSTITUYENTE |
| Título |
Les bibliophiles vivent cinq mille ans |
| 852 ## - LOCALIZACIÓN |
| Ubicación |
ES-MaACL |
| Sublocalización o colección |
R.154397 |
| Ubicación en estantería |
Depósito J |
| Número de control de estantería |
N-8361 |
| Donativo/Legado |
Donación: Editorial |
| Encuadernación |
Cartoné |
| itemnumber |
200074 |
| 942 ## - ELEMENTOS DE ENTRADA SECUNDARIOS (KOHA) |
| Suprimir en OPAC |
No |
| Tipo de ítem Koha |
Libro impreso |